La mujer latinoamericana ante la determinación sexual: análisis comparativo

সংরক্ষণ করুন:
গ্রন্থ-পঞ্জীর বিবরন
প্রধান লেখক: Espin, Oliva
বিন্যাস: পাঠ‍্য
প্রকাশিত: San José
ট্যাগগুলো: ট্যাগ যুক্ত করুন
কোনো ট্যাগ নেই, প্রথমজন হিসাবে ট্যাগ করুন!

MARC

LEADER 00000 a a2200000 04500
001 21593
003
040
090 |a 095900  
100 |a Espin, Oliva  
245 |a La mujer latinoamericana ante la determinación sexual: análisis comparativo  
260 |a San José  
300 |a 16 p.  
999 |c 11966  |d 11966